000 01529cam a22003977i 4500
001 17976232
003 20170112091637.0
005 20240606080917.0
008 131219s2015 nyua b 001 0 eng d
010 _a 2013957985
020 _a0077861027
020 _a9780077861025
035 _a(OCoLC)ocn870517676
040 _aYDXCP
_cYDXCP
_dBDX
_erda
_dOKJ
_dOCLCF
_dDLC
042 _alccopycat
050 0 0 _aHF5415
_b.G675 2015
100 1 _aGrewal, Dhruv.
245 1 0 _aMarketing /
250 _aFourth edition
264 1 _aNew York, N.Y. :
_bMcgraw-Hill Education,
_c[2015]
300 _axiii, 497 pages :
_bcolor illustrations ;
_c28 cm
336 _atext
_btxt
_2rdacontent
337 _aunmediated
_bn
_2rdamedia
338 _avolume
_bnc
_2rdacarrier
504 _aIncludes bibliographical references (pages 439-465) and index.
650 0 _aMarketing.
650 7 _aMarketing.
_2fast
_0(OCoLC)fst01010167
700 1 _aLevy, Michael
856 4 1 _3Table of contents only
_uhttp://www.loc.gov/catdir/enhancements/fy1506/2013957985-t.html
856 4 2 _3Publisher description
_uhttp://www.loc.gov/catdir/enhancements/fy1506/2013957985-d.html
856 4 2 _3Contributor biographical information
_uhttp://www.loc.gov/catdir/enhancements/fy1511/2013957985-b.html
906 _a7
_bcbc
_ccopycat
_d2
_encip
_f20
_gy-gencatlg
942 _2lcc
_cBK
999 _c3580
_d3580